Les plus grandes villes de Belgique - Statistiques

Statistiques générales
  • Ce quiz a été pris 1 637 fois
    1 582 depuis la dernière actualisation
  • Le résultat moyen est 11 sur 20
Statistiques - réponses
Population Ville % Correct
2 970 000 habitants Bruxelles
99%
800 000 habitants Liège
94%
1 250 000 habitants Anvers
93%
254 000 habitants Bruges
84%
470 000 habitants Charleroi
84%
710 000 habitants Gand
78%
260 000 habitants Namur
78%
256 000 habitants Mons
70%
255 000 habitants Louvain
60%
130 000 habitants Ostende
55%
249 000 habitants Hasselt
47%
113 000 habitants Tournai
45%
236 000 habitants Courtrai
38%
162 000 habitants Malines
35%
123 000 habitants La Louvière
30%
108 000 habitants Verviers
23%
153 000 habitants Saint-Nicolas
17%
124 000 habitants Alost
16%
104 000 habitants Roulers
7%
156 000 habitants Turnhout
6%
Aucun quiz correspondant
Distribution des résultats
% des personnes avec chaque résultat
Percentile par nombre de réponses
Votre historique - résultats
Vous n’avez pas pris ce quiz depuis la dernière actualisation